Statistiques concernant Qui a créé ces personnages de littérature ? #5

Cliquez ici pour prendre le quiz!

Statistiques générales

  • Ce quiz a été pris 95 fois
  • Le résultat moyen est 9 sur 20

Statistiques - réponses

HintRéponse% Correct
Hercule PoirotAgatha Christie
94%
Jean ValjeanVictor Hugo
91%
Croc-BlancJack London
80%
Le Monstre de FrankensteinMary Shelley
78%
Katniss EverdeenSuzanne Collins
56%
Edward CullenStephenie Meyer
54%
HeathcliffEmily Brontë
52%
Joseph RouletabilleGaston Leroux
52%
PennywiseStephen King
48%
Jules MaigretGeorges Simenon
46%
TarzanEdgar Rice Burroughs
42%
Conan le BarbareRobert E. Howard
37%
Armand DuvalAlexandre Dumas fils
36%
ColinBoris Vian
36%
DefredMargaret Atwood
28%
Winston SmithGeorge Orwell
27%
Humbert HumbertVladimir Nabokov
27%
Cruella d'EnferDodie Smith
23%
Roderick UsherEdgar Allan Poe
20%
Mony VibescuGuillaume Apollinaire
7%

Distribution des résultats

Percentile par nombre de réponses

% des personnes avec chaque résultat

Votre développement - résultats

Vous n’avez pas pris ce quiz